MDQL
is popping MORE tags! Check the
thread
!
Quizzes
Events
Quiz Creation
Community
Videos
Private Events
Remove Ads
Sign In
Join for FREE
Feedback
Dark Mode
Quiz Categories
Sports
Geography
Music
Movies
Television
Just For Fun
Miscellaneous
History
Literature
Language
Science
Gaming
Entertainment
Religion
Holiday
For Kids
Quiz Lab
Recent
Popular Today
Quiz Kudos Today
Editor Picks
Curator Picks
Quizzes by...
Day
Popularity
Type
Ratings
Length
Year
Community
Subscriptions
Recent Discussions
Orange Saloon
Badges
Playlists
Quests
Create
Leaderboards
Showdown
Live 5
Trivia Bingo
Activity
Puzzle Library
Sporcle Events
Private Events
Virtual Trivia
Globe League
Become a Host
Pub Owners
SporcleCon
Opinionation
Our Games
Videos
Blog
Mobile Apps
Partnerships
Remove Ads and Go Orange
Feedback
History
US Presidents
World Leaders
Politics
Nation
Discovery
War
Decade
Year
Century
Biography
Art
History
US Presidents
World Leaders
Politics
Nation
Discovery
War
Decade
Year
Century
Biography
Art
Random Quiz
Search Sporcle
×
Quiz Lab
Quiz Lab
History
Med
Type in answers that appear in a list
Type in answers that appear in a list
Classic
Best Score? Go Orange.
Industrail Revolutuion: Sci. and Med. Stats
Can you name the facts about Medicine and Science in the Industrail Revolution?
By
kschoenike
6m
18 Questions
98 Plays
98 Plays
98 Plays
Comments
Comments
Give Quiz Kudos
Give Quiz Kudos
-
- Ratings
hide this ad
Replay
Link that replays current quiz
Next Quiz
Link to next quiz in quiz playlist
You Got
0%
They Got
Avg Score
38%
Avg Friend Score
Upgrade to see
Score Distribution
Jump to the score distribution portion of the page
Score
0/18
Timer
06:00
0
Plays Today
Hint
Answer
% Correct
Charles Darwin created the theory of
Evolution
80.6%
Theory of Relativity was developed by
Einstein
76.5%
Pavlov performed his experiments on
Dogs
69.4%
Discovered Fermentation and Pasturization
Pasteur
68.4%
Freud said that _
_
% of the mind was unconcious
90
65.3%
Dalton said all matter is composed of
Atoms
58.2%
The study of groups of people
Sociology
57.1%
Dmitri Mendeleev made the first
Periodic Table
39.8%
The study of humanity
Anthropology
38.8%
Hint
Answer
% Correct
Sigmund Freud invented
Psychoanalysis
37.8%
Marie and Pierre Curie discovered
Radioactivity
28.6%
Pavlov discovered
Classical Conditioning
22.4%
Ernest Rutherford proposed the idea of a
Nucleus
22.4%
Ivan Pavlov was not a Psychologist, but a
Physiologist
12.2%
New vaccines were created to cure Anthrax and
Rabies
7.1%
John Dalton created the first
Atomic Theory
6.1%
Antiseptics reduced post-
surgery deaths by up to
45%
3.1%
Crawford W. Long invented the first
Anesthetic
2%
Quiz Playlist
Details
Report
Send in Message
Add To Playlist
Classic:
Type in answers that appear in a list
Last Updated: Feb 16, 2017
Quiz Scoreboard
CHALLENGE
Sign Up to Join the Scoreboard
Show All
Scores
Hide
Comments
May contain spoilers
Recently Published
Find the 'City' Movie
by crazypaving
Movies
60s
5x2 Blitz: Bands
by SL_Kpop136
Music
30s
Colored Red Africa Blitz
by spor1
Geography
30s
More to Explore
Quiz From the Vault
Featured Blog Post
14 Easter Pick-up Lines to Find Eggs With
hide this ad
You Might Also Like...
Tags
Med
Medicine
Revolution
sci-fi
Today's Top Quizzes in History
Browse History
hide this ad
Top Contributed Quizzes in History
1
Popular People in 1991
2
US National Parks Named After People
3
Popular People in 1951
4
Popular People in 1941
5
Order Up: 1000 Years of World Events I
6
I Am Born On March 29th
7
Popular People in 1921
8
Popular People in 1981
9
Popular People in 1986
10
Popular People in 1976
Explore More
Trending Topics
Anime
Disney
Marvel
Harry Potter
Crossword
NBA
Kpop
Country
The Office
Pokémon
Soccer
WWE
NFL
Puzzle
Song
hide this ad
More By:
kschoenike
Quiz
Plays
Rating
Category
Featured
Created
Industrail Revolutuion: Sci. and Med.
98
History
Feb 6, 2010
Go to Creator's Profile
Score Distribution
Quiz Creator Spotlight
kschoenike
Follow
Send a Message
Quizzes Created
-
Created Quiz Play Count
-
More By This Creator
Popular Quizzes Today
1
Colored Red Africa Blitz
2
Find the 'City' Movie
3
Find the US States - No Outlines Minefield
4
5x2 Blitz: Bands
5
The Countries of the World
6
Find the US States
7
Find the Countries of Europe - No Outlines Minefield
8
US States
More History Quizzes
On This Day: November 25th II
Published
Trending Quizzes
Colored Red Europe Blitz I
Colored Red Africa Blitz II
Colored Red Europe Blitz II
Colored Red Africa Blitz III
Colored Red Europe Blitz III
Recently Updated
How Do You Spell That?
pecheneg
Godzilla Movies
pecheneg
Grab Bag: 4-10 Letters
pecheneg
2024 March Madness Bracket
pecheneg
Famous TV Couples
Peacemaker
Champions League XIs: Real Madrid
pecheneg
Largest US Cities 1790-2010
pecheneg
Rides in Walt Disney World
pecheneg
Most Oscar Losses (Acting)
pecheneg
Beyoncé Albums
pecheneg
Trending Topics
Crossword
Disney
Harry Potter
Marvel
Kpop
Anime
NBA
Song
NFL
Pokémon
The Office
WWE
Country
Soccer
Puzzle
Your Account Isn't Verified!
In order to create a playlist on Sporcle, you need to verify the email address you used during registration. Go to your
Sporcle Settings
to finish the process.
Report this User
Report this user for behavior that violates our
Community Guidelines
.
Details:
Send Report
Go to the Sporcle.com Mobile Site →
Comments